| 000 | 01038cam a22002771 4500 | ||
|---|---|---|---|
| 001 | 1602 | ||
| 003 | BD-RjUL | ||
| 005 | 20211208233352.0 | ||
| 008 | 131208s1968 nyua b 001 0 eng | ||
| 035 | _a(BD-RjUL)1629 | ||
| 040 |
_aDLC _cDLC _dDLC _dInU _dDLC _dBD-RjUL _beng |
||
| 041 | _aeng | ||
| 082 | 0 | 0 |
_a152.3842 _216 _bDEV 1968 |
| 245 | 0 | 0 |
_aDevelopments in applied psycholinguistics research / _cEdited by Sheldon Rosenberg and James H. Koplin. |
| 260 |
_aNew York : _bMacmillan, _cc1968 |
||
| 300 |
_avii, 311 p. _bill. _c22 cm. |
||
| 500 | _aBased on papers read at a summer institute in psycholinguistics sponsored by the Department of Psychology of George Peabody College for Teachers. | ||
| 504 | _aIncludes bibliographiesand index | ||
| 650 | 0 |
_aPsycholinguistics. _95297 |
|
| 700 | 1 |
_aRosenberg, Sheldon, _eed. _95298 |
|
| 700 | 1 |
_aKoplin, James H., _eed. _95299 |
|
| 710 | 2 |
_aGeorge Peabody College for Teachers _b Department of Psychology _95300 |
|
| 942 |
_2ddc _cBK |
||
| 999 |
_c1602 _d1602 |
||